The Desiderata of happiness

Bibliographic Details
Main Author: Ehrmann, Max
Format: Book
Published: London : Souvenir Press Ltd. , 1995
Subjects:

MARC

LEADER 00000cam a2200000 7i4500
001 0000009512
002 000010364
005 20000330.0
020 |a 0285627244 
090 0 0 |a 811.52   |b EHR 
100 1 |a Ehrmann, Max 
245 1 4 |a The Desiderata of happiness   |c Max Ehrmann 
260 |a London :   |b Souvenir Press Ltd. ,   |c 1995 
300 |a 62p. :   |b ill ;   |c 20cm. 
650 0 0 |a English literature 
999 |a 044324   |b BUKU   |c PINJAMAN   |e PERPUSTAKAAN KOMUNITI PETALING JAYA